| 000 | 00343nam a2200121Ia 4500 | ||
|---|---|---|---|
| 008 | 210430s9999 xx 000 0 und d | ||
| 082 | _a621.3815 S673S | ||
| 100 |
_aSnowden Christopher M _954946 |
||
| 245 |
_aSemiconductor Device Modelling _cSnowden Christopher M |
||
| 260 |
_anew york _bSpringer _c1989 |
||
| 300 | _a259p. | ||
| 942 |
_cBK _2ddc |
||
| 999 |
_c565864 _d565864 |
||